[Event "Budapest Art Pub Cup 7th"]
[Site "Budapest"]
[Date "2015.03.14"]
[Round "3"]
[White "Mako, Zoltan"]
[Black "Palczert, Botond"]
[Result "1-0"]
[WhiteElo "1869"]
[BlackElo "1595"]
[PlyCount "61"]
[EventDate "2015.03.13"]
[EventType "swiss"]
[EventRounds "6"]
[EventCountry "HUN"]
[SourceTitle "CBM 165 Extra"]
[Source "ChessBase"]
[SourceDate "2015.04.21"]
[SourceVersion "1"]
[SourceVersionDate "2015.04.21"]
[SourceQuality "1"]

1. e4 c5 2. Nf3 Nc6 3. Bb5 g6 4. 0-0 Bg7 5. c3 Nf6 6. e5 Nd5 7. d4 cxd4 8. cxd4 a6 9. Bc4 Nb6 10. Bb3 d5 11. Nc3 Bg4 12. Be3 0-0 13. h3 Bf5 14. g4 Be6 15. Ng5 Qd7 16. f4 f5 17. Nxe6 Qxe6 18. Qf3 Rad8 19. Bc2 Nc4 20. Bb3 Nb6 21. Rf2 Kf7 22. Rc1 Ke8 23. a3 Qd7 24. Na4 Nxa4 25. Bxa4 b5 26. Bb3 e6 27. Rfc2 Rc8 28. gxf5 gxf5 29. Qh5+ Qf7 30. Qxf7+ Rxf7 31. Rxc6 1-0

[Event "Budapest-chT1 Lilienthal 1314"]
[Site "Budapest"]
[Date "2014.02.23"]
[Round "8"]
[White "Kis, Bela"]
[Black "Mako, Zoltan"]
[Result "1/2-1/2"]
[WhiteElo "2119"]
[BlackElo "1985"]
[PlyCount "135"]
[EventDate "2013.09.29"]
[EventType "team-tourn"]
[EventRounds "11"]
[EventCountry "HUN"]
[SourceTitle "EXT 2021"]
[Source "ChessBase"]
[SourceDate "2020.10.23"]
[SourceVersion "1"]
[SourceVersionDate "2020.10.23"]
[SourceQuality "1"]
[WhiteTeam "Budapest Vasas II"]
[BlackTeam "Csepel"]
[WhiteTeamCountry "HUN"]
[BlackTeamCountry "HUN"]

1. e4 d6 2. d4 Nf6 3. Nc3 c6 4. Nf3 g6 5. Be3 Bg7 6. Qd2 0-0 7. h3 b5 8. Bd3 a5 9. a3 Ba6 10. 0-0 Nbd7 11. e5 dxe5 12. dxe5 Nd5 13. Bh6 Nc5 14. Rfe1 Ne6 15. Bxg7 Kxg7 16. Re4 h6 17. Nd4 Ng5 18. Rh4 e6 19. Nxc6 Nf3+ 20. gxf3 Qxh4 21. Nxd5 exd5 22. Bf1 b4 23. Bg2 Bb7 24. Nd4 Qe7 25. f4 Bc8 26. Bxd5 Rb8 27. Nc6 Qc5 28. axb4 axb4 29. Ra5 Rb5 30. Rxb5 Qxb5 31. Nxb4 Bxh3 32. c4 Qd7 33. Kh2 Bf1 34. Qc3 Kh7 35. Nc6 Rc8 36. Nd4 Qg4 37. Qg3 Qh5+ 38. Kg1 Bxc4 39. Bf3 Bd5 40. Kg2 Rc1 41. Qh2 Bxf3+ 42. Nxf3 Qxh2+ 43. Nxh2 Rb1 44. Ng4 Rxb2 45. Nf6+ Kg7 46. Ne8+ Kf8 47. Nf6 Ra2 48. Kg3 Ra3+ 49. Kg2 h5 50. Nd5 Ra5 51. Nf6 Ke7 52. Kg3 Ke6 53. Ne4 Ra7 54. f3 Ra1 55. Ng5+ Ke7 56. Ne4 Ra3 57. Ng5 Ra5 58. Ne4 Ra1 59. Ng5 Rg1+ 60. Kh4 f6 61. exf6+ Kxf6 62. Ne4+ Kf5 63. Ng3+ Rxg3 64. Kxg3 h4+ 65. Kh3 Kxf4 66. Kxh4 g5+ 67. Kh5 Kxf3 68. Kxg5 1/2-1/2

[Event "Budapest-chT1 Lilienthal 1314"]
[Site "Budapest"]
[Date "2013.11.10"]
[Round "3"]
[White "Kelemen, Gabor"]
[Black "Mako, Zoltan"]
[Result "1/2-1/2"]
[WhiteElo "2140"]
[BlackElo "1985"]
[PlyCount "30"]
[EventDate "2013.09.29"]
[EventType "team-tourn"]
[EventRounds "11"]
[EventCountry "HUN"]
[SourceTitle "EXT 2021"]
[Source "ChessBase"]
[SourceDate "2020.10.23"]
[SourceVersion "1"]
[SourceVersionDate "2020.10.23"]
[SourceQuality "1"]
[WhiteTeam "Taban Spartacus II"]
[BlackTeam "Csepel"]
[WhiteTeamCountry "HUN"]
[BlackTeamCountry "HUN"]

1. e4 d6 2. d4 Nf6 3. Nc3 g6 4. f4 Bg7 5. Nf3 0-0 6. Bd3 c5 7. dxc5 dxc5 8. Qe2 Nc6 9. e5 Nd5 10. Nxd5 Qxd5 11. Bc4 Qd7 12. 0-0 Nd4 13. Nxd4 Qxd4+ 14. Kh1 Bg4 15. Qd3 Rfd8 1/2-1/2

[Event "Budapest Spring op 25th"]
[Site "Budapest"]
[Date "2009.03.28"]
[Round "9"]
[White "Kormos, Adam"]
[Black "Mako, Zoltan"]
[Result "1/2-1/2"]
[WhiteElo "2176"]
[BlackElo "1994"]
[PlyCount "36"]
[EventDate "2009.03.20"]
[EventType "swiss"]
[EventRounds "9"]
[EventCountry "HUN"]
[SourceTitle "CBM 129 Extra"]
[Source "ChessBase"]
[SourceDate "2009.05.05"]
[SourceVersion "2"]
[SourceVersionDate "2009.05.20"]
[SourceQuality "1"]

1. e4 d6 2. d4 Nf6 3. Nc3 g6 4. h3 Bg7 5. Bc4 0-0 6. Bb3 c6 7. a4 Na6 8. Nf3 c5 9. 0-0 cxd4 10. Nxd4 Nc5 11. Re1 e5 12. Ndb5 Nxb3 13. cxb3 Ne8 14. Be3 a6 15. Na3 Be6 16. Nc4 Rc8 17. Bb6 Qg5 18. Be3 Qd8 1/2-1/2

[Event "Budapest Spring op 25th"]
[Site "Budapest"]
[Date "2009.03.20"]
[Round "1"]
[White "Papp, Tamas"]
[Black "Mako, Zoltan"]
[Result "1-0"]
[WhiteElo "2315"]
[BlackElo "1994"]
[PlyCount "119"]
[EventDate "2009.03.20"]
[EventType "swiss"]
[EventRounds "9"]
[EventCountry "HUN"]
[SourceTitle "CBM 129 Extra"]
[Source "ChessBase"]
[SourceDate "2009.05.05"]
[SourceVersion "2"]
[SourceVersionDate "2009.05.20"]
[SourceQuality "1"]

1. e4 d6 2. d4 Nf6 3. Nc3 g6 4. Bg5 c6 5. Qd2 b5 6. a3 Qa5 7. Bd3 Nbd7 8. f4 Nb6 9. b4 Qa6 10. Nf3 Bd7 11. 0-0 Qb7 12. e5 Nfd5 13. exd6 e6 14. Ne4 Bg7 15. Nc5 Qb8 16. a4 Qxd6 17. axb5 cxb5 18. Ne5 0-0 19. Ncxd7 Nxd7 20. Bxb5 Nxe5 21. fxe5 Qxb4 22. c4 Rfc8 23. Ba6 Rxc4 24. Bxc4 Qxc4 25. Qf2 Qc7 26. Rfc1 Qd7 27. Qb2 Bf8 28. Ra5 Nb4 29. Qa1 Nc6 30. Ra4 Rb8 31. Be3 Rb7 32. Rac4 Nb4 33. Rc8 Kg7 34. Bh6+ Kxh6 35. Rxf8 Nd3 36. Rd1 Kg7 37. Ra8 Nf4 38. Qa3 Qe7 39. Qxe7 Rxe7 40. Kf2 Rb7 41. Rd2 Nd5 42. Ra2 Rb4 43. R8xa7 Rxd4 44. R7a4 Rd1 45. Rc2 Rb1 46. h3 Rb3 47. Rd4 Rb7 48. Ra2 Rc7 49. Rda4 Nc3 50. Ra7 Rc5 51. R2a5 Rc4 52. Rd7 Ne4+ 53. Ke3 Ng5 54. Rd4 Rc7 55. h4 Rc3+ 56. Kf4 Nh3+ 57. gxh3 Rxh3 58. Kg4 Rh1 59. Rf4 Re1 60. Ra7 1-0

[Event "Budapest FS09 FM-A"]
[Site "Budapest"]
[Date "2005.09.08"]
[Round "6"]
[White "Mako, Zoltan"]
[Black "Ritter, Gabor"]
[Result "0-1"]
[WhiteElo "2072"]
[BlackElo "2149"]
[PlyCount "106"]
[EventDate "2005.09.03"]
[EventType "tourn"]
[EventRounds "9"]
[EventCountry "HUN"]
[SourceTitle "CBM 108 Extra"]
[Source "ChessBase"]
[SourceDate "2005.11.04"]
[SourceVersion "1"]
[SourceVersionDate "2005.11.04"]
[SourceQuality "1"]

1. d4 f5 2. g3 Nf6 3. Bg2 g6 4. Nf3 Bg7 5. c4 0-0 6. Nc3 d6 7. 0-0 Qe8 8. Nb5 Na6 9. Rb1 c6 10. Nc3 e5 11. d5 c5 12. a3 h6 13. Nb5 Qe7 14. Nh4 Kh7 15. Qc2 e4 16. Bh3 Ne8 17. Ng2 Bd7 18. Nc3 Rc8 19. f3 exf3 20. exf3 Bd4+ 21. Kh1 Qg7 22. Bd2 Nac7 23. Ne2 Be5 24. b4 cxb4 25. f4 Bf6 26. Ne3 b3 27. Qxb3 b6 28. Nc1 Na6 29. Nd3 Bd4 30. Nc2 Bf6 31. Rfe1 Nc5 32. Nxc5 dxc5 33. Re2 Nd6 34. Rbe1 Rfe8 35. Bg2 Rxe2 36. Rxe2 Re8 37. Rxe8 Bxe8 38. Qd3 Qe7 39. Kg1 Bd7 40. Bf3 Bc8 41. a4 Bd7 42. Qb3 Qe8 43. a5 Ba4 44. Qd3 b5 45. cxb5 c4 46. Qa3 Bxc2 47. Qxd6 Bd4+ 48. Kg2 Be4 49. Bxe4 Qxe4+ 50. Kh3 Qe2 51. Qe6 Qf1+ 52. Kh4 Qf3 53. h3 Qh5# 0-1

[Event "Budapest FS09 FM-A"]
[Site "Budapest"]
[Date "2005.09.03"]
[Round "1"]
[White "Mako, Zoltan"]
[Black "Havaskori, Laszlo"]
[Result "0-1"]
[WhiteElo "2072"]
[BlackElo "2046"]
[PlyCount "64"]
[EventDate "2005.09.03"]
[EventType "tourn"]
[EventRounds "9"]
[EventCountry "HUN"]
[SourceTitle "CBM 108 Extra"]
[Source "ChessBase"]
[SourceDate "2005.11.04"]
[SourceVersion "1"]
[SourceVersionDate "2005.11.04"]
[SourceQuality "1"]

1. d4 Nf6 2. g3 g6 3. Bg2 Bg7 4. e4 d6 5. Nc3 0-0 6. Nf3 c6 7. 0-0 Bg4 8. h3 Bd7 9. e5 Ne8 10. Re1 d5 11. Nh4 b5 12. f4 e6 13. Bd2 a5 14. Nf3 Na6 15. Ne2 b4 16. g4 c5 17. c3 Nec7 18. Ng3 bxc3 19. bxc3 f5 20. gxf5 gxf5 21. Nh5 Be8 22. Ng5 h6 23. Nxg7 Kxg7 24. Nf3 Bh5 25. Rb1 Rg8 26. Kf2 Kh7 27. Rg1 cxd4 28. cxd4 Nb4 29. a3 Nc6 30. Qa4 Qd7 31. Rb6 Bxf3 32. Kxf3 Nxe5+ 0-1

[Event "Gyongyos Matra Cup"]
[Site "Gyongyos"]
[Date "2004.08.01"]
[Round "5"]
[White "Mako, Zoltan"]
[Black "Gempe, Thomas"]
[Result "0-1"]
[WhiteElo "2096"]
[BlackElo "2239"]
[PlyCount "83"]
[EventDate "2004.07.27"]
[EventType "swiss"]
[EventRounds "9"]
[EventCountry "HUN"]
[SourceTitle "EXT 2008"]
[Source "ChessBase"]
[SourceDate "2007.11.25"]
[SourceVersion "1"]
[SourceVersionDate "2007.11.25"]
[SourceQuality "1"]

1. Nf3 c5 2. c4 Nf6 3. g3 b6 4. Bg2 Bb7 5. 0-0 e6 6. d3 Be7 7. Nc3 0-0 8. Rb1 a6 9. a3 Qc7 10. Bf4 d6 11. Qc2 Nbd7 12. e4 Rfd8 13. h3 Rac8 14. Rfe1 Ne5 15. Nd2 Ng6 16. Be3 d5 17. exd5 exd5 18. Bg5 dxc4 19. dxc4 Bxg2 20. Kxg2 Qc6+ 21. Kg1 Qd7 22. Bxf6 Bxf6 23. Nd5 Qxh3 24. Nxf6+ gxf6 25. Ne4 Qf5 26. Qc3 Rd4 27. f3 Ne5 28. Kg2 Rd3 29. Nxf6+ Qxf6 30. Qxe5 Qxf3+ 31. Kh3 f6 32. Qe6+ Kg7 33. Qg4+ Qxg4+ 34. Kxg4 Kf7 35. Rg1 Rd4+ 36. Kf3 Rxc4 37. Rh1 Kg6 38. Rh2 Rd8 39. Ke3 Rcd4 40. Rc2 Rd3+ 41. Kf2 R8d5 42. Re1 0-1

[Event "HUN-chT2 Breyer 0203"]
[Site "Hungary"]
[Date "2003.04.06"]
[Round "10"]
[White "Mako, Zoltan"]
[Black "Brassoi Tarnovszki, Aurel"]
[Result "1-0"]
[WhiteElo "2015"]
[BlackElo "1827"]
[PlyCount "57"]
[EventDate "2002.09.22"]
[EventType "team"]
[EventRounds "11"]
[EventCountry "HUN"]
[SourceTitle "EXT 2009"]
[Source "ChessBase"]
[SourceDate "2008.11.26"]
[SourceVersion "1"]
[SourceVersionDate "2008.11.26"]
[SourceQuality "1"]

1. Nf3 d5 2. d4 g6 3. e3 Bg7 4. c4 Bg4 5. cxd5 Qxd5 6. Nc3 Qd8 7. Qa4+ c6 8. Ne5 Bxe5 9. dxe5 Be6 10. Be2 Nd7 11. f4 f6 12. exf6 exf6 13. 0-0 Ne7 14. Ne4 0-0 15. Nd6 Nb6 16. Qa3 Qc7 17. e4 Rad8 18. e5 fxe5 19. fxe5 Rxf1+ 20. Bxf1 Nf5 21. Bg5 Rf8 22. Qxa7 Nd7 23. Qxb7 Qxb7 24. Nxb7 Nxe5 25. Re1 Bc8 26. Rxe5 Bxb7 27. g4 Nd4 28. Bc4+ Kh8 29. Re8 1-0

[Event "HUN-chT2 Breyer 0203"]
[Site "Hungary"]
[Date "2003.02.02"]
[Round "6"]
[White "Pali, Gabor"]
[Black "Mako, Zoltan"]
[Result "1-0"]
[WhiteElo "2033"]
[BlackElo "2015"]
[PlyCount "103"]
[EventDate "2002.09.22"]
[EventType "team"]
[EventRounds "11"]
[EventCountry "HUN"]
[SourceTitle "EXT 2009"]
[Source "ChessBase"]
[SourceDate "2008.11.26"]
[SourceVersion "1"]
[SourceVersionDate "2008.11.26"]
[SourceQuality "1"]

1. e4 d6 2. d4 Nf6 3. Bd3 g6 4. f3 Bg7 5. Be3 Nbd7 6. Qd2 e5 7. d5 0-0 8. g4 h5 9. h3 Nc5 10. Be2 Nfxe4 11. fxe4 Nxe4 12. Qd3 Qh4+ 13. Kd1 Nf2+ 14. Bxf2 Qxf2 15. Nc3 f5 16. gxh5 g5 17. Qf3 Qd4+ 18. Qd3 Qf2 19. Qf3 Qd4+ 20. Qd3 Qb4 21. Qc4 Qxb2 22. Rb1 Qa3 23. Qxc7 e4 24. Rb3 Qc5 25. Qxc5 dxc5 26. Rh2 Kh7 27. Rg2 Kh6 28. h4 g4 29. Nxe4 fxe4 30. Bxg4 Bxg4+ 31. Rxg4 Bd4 32. Nh3 b6 33. Nf4 e3 34. Ke2 Rf5 35. c3 c4 36. Rb4 Bc5 37. Rxc4 Re8 38. Rg6+ Kh7 39. d6 b5 40. d7 Rd8 41. Rxc5 Rxf4 42. Rd6 Rf7 43. Kxe3 Rfxd7 44. Rxd7+ Rxd7 45. Rxb5 Kg7 46. Rf5 Rd6 47. c4 Ra6 48. Rf2 Kh6 49. Kd4 Kxh5 50. Kd5 Kxh4 51. c5 Ra3 52. Rd2 1-0

[Event "HUN-chT2 Breyer 0203"]
[Site "Hungary"]
[Date "2003.01.19"]
[Round "5"]
[White "Szabo, Lajos"]
[Black "Mako, Zoltan"]
[Result "1/2-1/2"]
[WhiteElo "2093"]
[BlackElo "2015"]
[PlyCount "65"]
[EventDate "2002.09.22"]
[EventType "team"]
[EventRounds "11"]
[EventCountry "HUN"]
[SourceTitle "EXT 2009"]
[Source "ChessBase"]
[SourceDate "2008.11.26"]
[SourceVersion "1"]
[SourceVersionDate "2008.11.26"]
[SourceQuality "1"]

1. d4 Nf6 2. c4 g6 3. Nc3 Bg7 4. e4 d6 5. Be2 0-0 6. Nf3 Nc6 7. d5 Nb8 8. 0-0 a5 9. Bg5 Na6 10. Nd4 Nc5 11. f3 h6 12. Be3 e5 13. dxe6 fxe6 14. Nb3 b6 15. Nxc5 bxc5 16. Qd2 Kh7 17. f4 Ng8 18. Rad1 Bb7 19. Qc2 Qe8 20. Nb5 Rc8 21. Bd2 Bc6 22. Na7 Bd4+ 23. Kh1 Rb8 24. b3 Bd7 25. Nb5 Bxb5 26. cxb5 Ra8 27. e5 d5 28. Bc3 Be3 29. Bd2 Bd4 30. Bg4 c6 31. Bc3 Be3 32. Bd2 Bd4 33. Bc3 1/2-1/2

[Event "HUN-chT2 Breyer 0203"]
[Site "Hungary"]
[Date "2002.11.24"]
[Round "3"]
[White "Mako, Zoltan"]
[Black "Szolnoki, Tibor"]
[Result "1-0"]
[WhiteElo "2015"]
[BlackElo "1958"]
[PlyCount "71"]
[EventDate "2002.09.22"]
[EventType "team"]
[EventRounds "11"]
[EventCountry "HUN"]
[SourceTitle "EXT 2009"]
[Source "ChessBase"]
[SourceDate "2008.11.26"]
[SourceVersion "1"]
[SourceVersionDate "2008.11.26"]
[SourceQuality "1"]

1. Nf3 Nf6 2. g3 g6 3. Bg2 Bg7 4. 0-0 0-0 5. d4 d5 6. c3 c6 7. Ne5 Bf5 8. f3 Nbd7 9. Nd3 Re8 10. Nf2 e5 11. e4 dxe4 12. fxe4 Be6 13. Be3 Bc4 14. Re1 Nb6 15. Nd2 Qe7 16. b3 Ba6 17. a4 Rad8 18. a5 Nc8 19. Qc2 Nh5 20. Nf3 exd4 21. cxd4 Bb5 22. Rad1 Qc7 23. Qa2 b6 24. e5 Bf8 25. g4 Ng7 26. Ne4 Be7 27. Nfg5 Ne6 28. Nxe6 fxe6 29. Bh6 c5 30. Nc3 Bc6 31. d5 exd5 32. Nxd5 Qb7 33. a6 Qb8 34. b4 Kh8 35. Qb2 Bh4 36. e6+ 1-0